000 00276nam a2200109 4500
008 160624b xxu||||| |||| 00| 0 eng d
100 _9927
_a Clarke, A.C
245 _a2010: Odyssey Two
260 _aN.Y
_b Ballantine Books
_c1968
300 _a2010: Odyssey Two
942 _2ddc
_cBK
999 _c735
_d735